| 000 | 00392nam a2200133Ia 4500 | ||
|---|---|---|---|
| 008 | 191213s9999 xx 000 0 und d | ||
| 020 | _a9789587710717 | ||
| 100 | 1 | _aBAENA TORO, Diego | |
| 245 | 1 | _aANÁLISIS FINANCIERO - Enfoque y Proyecciones | |
| 260 | 0 | 0 | _a2014 |
| 650 | 0 | 0 | _bAdministración |
| 250 | _a2 | ||
| 856 | 0 | 0 | _ahttps://uachapingo.bibliotecasdigitales.com/read/9789587710717/index |
| 999 |
_c218008 _d218008 |
||